Ukazovatele na komparáciu ekonomík vo svetovom hospodárstve

Gespeichert in:
Bibliographische Detailangaben
1. Verfasser: Uličná, Lívia
Körperschaft: Ekonomická univerzita v Bratislave. Fakulta medzinárodných vzťahov
Weitere Verfasser: Dudáš, Tomáš, 1976-, Schönwiesner, Roman
Format: Buch
Sprache:Slowakisch
Veröffentlicht: Bratislava Vydavateľstvo EKONÓM 2001
Schlagworte:
Tags: Tag hinzufügen
Keine Tags, Fügen Sie das erste Tag hinzu!

MARC

LEADER 00000nam a2200000 4500
001 c128604
005 20221124102444.2
020 |a 80-225-0131-X 
041 0 |a slo 
044 |a SK 
245 1 0 |a Ukazovatele na komparáciu ekonomík vo svetovom hospodárstve  |c L. Uličná, T. Dudáš, R. Schönwiesner 
264 1 |a Bratislava  |b Vydavateľstvo EKONÓM  |c 2001 
300 |a 86 s. 
610 2 0 |a ukazovatele ekonomické 
610 2 0 |a ukazovatele makroekonomické 
610 2 0 |a analýza komparatívna 
610 2 0 |a analýza ekonomická 
610 2 0 |a ukazovatele 
610 2 0 |a ukazovatele produktivity práce 
610 2 0 |a prieskum štatistický 
610 2 0 |a porovnanie štatistické medzinárodné 
610 2 0 |a údaje štatistické medzinárodné 
610 2 0 |a štruktúra ekonomická 
610 2 0 |a zmeny štruktúrne 
610 2 0 |a hospodárstvo svetové 
100 1 |a Uličná, Lívia 
700 1 |a Dudáš, Tomáš, 1976- 
700 1 |a Schönwiesner, Roman 
710 2 |a Ekonomická univerzita v Bratislave. Fakulta medzinárodných vzťahov